Mujer costarricense y política /

Đã lưu trong:
Chi tiết về thư mục
Tác giả chính: Quesada Calderón, Daisy
Định dạng: Texto
Những chủ đề:
Các nhãn: Thêm thẻ
Không có thẻ, Là người đầu tiên thẻ bản ghi này!

MARC

LEADER 00000 a a2200000 04500
001 16826
003
040
100 |a Quesada Calderón, Daisy  
245 |a Mujer costarricense y política /  |c Daisy Quesada Calderón 
650 |a PARTICIPACION DE LA MUJER  
650 |a POLITICA  
650 |a IGUALDAD DE GENERO  
773 |g volumen 12, número 1; páginas 163-176  
999 |c 32788  |d 32788